[Event "Clark Harmon Memorial"]
[Site "Seattle, WA"]
[Date "2014.05.03"]
[Round "2"]
[White "Sehgal Rahul  (WA)"]
[Black "Hu Ethan  (WA)"]
[Result "0-1"]
[WhiteElo "1411"]
[BlackElo "105"]
[Annotator ""]
[Source ""]
[Remark "Reserve"]

1.e4 e5 2.Nf3 Nc6 3.Nc3 Bc5 4.Nxe5 Nxe5 5.d4 Bd6 6.dxe5 Bxe5
7.Be3 Bxc3+ 8.bxc3 d6 9.Bc4 Qe7 10.Qd3 Nf6 11.f3 O-O 12.O-O c6
13.Bg5 Be6 14.Bxe6 Qxe6 15.Rab1 Rab8 16.c4 h6 17.Bf4 Ne8 18.c5
b5 19.cxd6 Rd8 20.e5 f6 21.Rfe1 fxe5 22.Bxe5 Nxd6 23.Bxd6 {?}
( 23.Bxg7 ) Qxd6 24.Qxd6 Rxd6 25.Re7 a5 26.Rbe1 Rf7 27.Re8+ Kh7
28.Rc8 Rff6 29.Re2 Rd1+ 30.Kf2 Ra1 31.c3 Rc1 32.h4 Rxc3 33.h5
Rf5 34.Re6 c5 35.Rb8 c4 36.Ree8 Rxh5 37.Rh8+ Kg6 38.Rb6+ Kf7
39.Rb7+ Ke6 40.Re8+ Kd6 41.Rxg7 Kc5 42.Re2 Kb4 43.Rb7 Ka4 44.Rb2
b4 45.Rd7 Ka3 46.Rdd2 Rc1 47.Kg3 a4 48.Rdc2 Rxc2 49.Rxc2 c3 50.Kg4
Rd5 51.f4 Rd2 52.Rc1 c2 53.f5 Kb2 54.Rxc2+ Rxc2 55.Kh5 Rf2 56.Kg6
Kxa2 57.f6 b3 58.f7 b2 59.Kg7 Rxf7+ 60.Kxf7 b1Q 0-1

[Event "Clark Harmon Memorial"]
[Site "Seattle, WA"]
[Date "2014.05.03"]
[Round "2"]
[White "Zhang Eric M  (WA)"]
[Black "Bonrud Neal  (WA)"]
[Result "0-1"]
[WhiteElo "1701"]
[BlackElo "1772"]
[Annotator ""]
[Source ""]
[Remark "Open"]

1.d4 d5 2.c4 e6 3.cxd5 exd5 4.Nc3 c6 5.Nf3 Bd6 6.Bg5 f6 7.Bh4
Ne7 8.e3 Bf5 9.Bd3 O-O 10.Bg3 Re8 11.Bxf5 Nxf5 12.Qd3 Ne7 13.O-O-O
( 13.O-O Ng6 14.Rab1 a5 15.a3 a4 16.Bxd6 Qxd6 17.Qc2 b5 18.e4
dxe4 19.Nxe4 Qd5 20.Rfe1 Nd7 21.Re3 Nb6 22.Rbe1 Kf7 23.Nc3 Qd7
24.Rd1 Nd5 25.Nxd5 Qxd5 26.Rc1 Rac8 27.Rc3 Nf4 28.Rc5 Qd7 29.Kh1
Qg4 30.Rg1 Re2 31.Qxh7 Ng6 32.h3 Qe4 33.Qh5 Rh8 34.Qf5 Qxf5 35.Rxf5
Rxb2 36.Rc1 Ne7 37.Rfc5 Rxf2 38.R5c2 Rxc2 39.Rxc2 Rd8 40.Kg1
Rd6 41.Rc5 Nd5 42.Kf2 Nb6 43.g4 Nc4 44.d5 Rxd5 45.Rxc6 Nxa3 46.Rc7+
Kf8 47.Nh4 Nc4 48.Ng6+ Ke8 49.Re7+ Kd8 50.Rxg7 Rg5 {0-1, Mynn Htoo (MYA) 2537 - Segura Javier (ESA) 2055, Istanbul (Turkey) 2000}
) Bb4 14.Bxb8 Rxb8 15.g4 Ng6 16.h4 Bxc3 17.Qxc3 Qe7 18.h5 Nf8
19.Nh4 Rbc8 20.Nf5 Qd7 21.Qc5 Rcd8 22.Rdg1 Ne6 23.Qc2 Ng5 24.f4
Ne4 25.h6 g5 26.Ng7 Rf8 27.f5 Rc8 28.Ne6 Rfe8 29.Kb1 Qe7 30.Rc1
Rb8 31.Rhe1 Qd6 32.Qg2 Qg3 33.Qxg3 Nxg3 34.Nc5 Ne4 35.Ne6 a5
36.Nc5 {?} Nxc5 37.Rxc5 Re4 38.Kc2 Rxg4 39.Rxa5 Rh4 40.b4 Rxh6
41.b5 Rh2+ 42.Kb3 g4 43.Rg1 h5 0-1

[Event "Clark Harmon Memorial"]
[Site "Seattle, WA"]
[Date "2014.05.04"]
[Round "4"]
[White "Feng Roland  (WA)"]
[Black "He Anthony  (WA)"]
[Result "1/2-1/2"]
[WhiteElo "2245"]
[BlackElo "1912"]
[Annotator ""]
[Source ""]
[Remark "Open"]

1.d4 d5 2.c4 e6 3.Nc3 Nf6 4.cxd5 Nxd5 5.e4 Nxc3 6.bxc3 c5 7.Nf3
cxd4 8.cxd4 Bb4+ 9.Bd2 Bxd2+ 10.Qxd2 O-O 11.Bc4 b6 12.Qd3 Bb7
13.O-O Nd7 14.Rad1 Nf6 15.Rfe1 Rc8 16.Bb3 Qe7 17.Bc2 g6 18.Bb1
Rfd8 19.Qe3 Kg7 20.h3 Rc7 21.Qg5 Ne8 22.Qe5+ f6 23.Qg3 Rc3 24.Re3
Rdc8 25.Nh4 Rxe3 26.fxe3 Qa3 27.Kh2 Rc1 28.Rxc1 Qxc1 29.Bd3 Qc3
30.Bb5 Qc8 31.e5 Bc6 32.exf6+ Kxf6 33.Bxc6 Qxc6 34.Nf3 Qc7 35.Ne5
Kg7 36.Qg4 Qd6 37.Qf3 Qc7 38.h4 Nd6 39.Qg4 Nf5 40.h5 Qc1 41.hxg6
Nxe3 42.Qh4 Nf1+ 43.Kg1 Ne3+ 44.Kf2 Qe1+ 45.Kxe1 Nxg2+ 46.Kd2
Nxh4 47.gxh7 Nf5 48.Kd3 Nd6 49.Nc6 Kxh7 50.Nd8 Kg6 51.Nxe6 Kf6
52.Nd8 a6 53.Kc3 Ke7 54.Nc6+ Ke6 55.a4 a5 56.Ne5 b5 57.axb5 Nxb5+
58.Kc4 Nxd4 59.Kxd4 a4 60.Nc4 a3 61.Nxa3 1/2-1/2

[Event "Clark Harmon Memorial"]
[Site "Seattle, WA"]
[Date "2014.05.03"]
[Round "3"]
[White "Jiang Peiqi (Tony)  (WA)"]
[Black "Mathews Dan  (WA)"]
[Result "1-0"]
[WhiteElo "1691"]
[BlackElo "1814"]
[Annotator ""]
[Source ""]
[Remark "Open"]

1.f4 d5 2.Nf3 Nc6 3.g3 Nf6 4.Bg2 e6 5.d3 Bd6 6.O-O h5 7.Nc3 Bd7
8.e4 dxe4 9.dxe4 Bc5+ 10.Kh1 Ng4 11.Qe2 h4 12.Nxh4 Rxh4 13.gxh4
Qxh4 14.h3 Nf2+ 15.Kh2 O-O-O 16.Nd1 Nxd1 17.Rxd1 e5 18.f5 Bf2
19.c3 Qg3+ 20.Kh1 Rh8 21.Qd3 Qxd3 22.Rxd3 g6 23.fxg6 fxg6 24.Kh2
Bh4 25.Bd2 g5 26.Be3 Be6 27.b3 g4 28.hxg4 Bxg4 29.Bh3 Bxh3 30.Kxh3
Be7+ 31.Kg2 Rh4 32.Kf3 Rh3+ 33.Ke2 Bh4 34.Rf1 b6 35.Bg1 Rh1 36.Bf2
Rh2 37.Rf3 Ne7 38.Rg1 Bxf2 39.Rxf2 Rh3 40.Kd2 Rh4 41.Re2 Nc6 1-0

[Event "Clark Harmon Memorial"]
[Site "Seattle, WA"]
[Date "2014.05.03"]
[Round "3"]
[White "Nicoski Aaron  (WA)"]
[Black "Anthony Ralph  (WA)"]
[Result "0-1"]
[WhiteElo "1775"]
[BlackElo "1667"]
[Annotator ""]
[Source ""]
[Remark "Reserve"]

1.d4 Nf6 2.Bf4 g6 3.e3 c5 4.c3 b6 5.Nd2 Ba6 6.Bxa6 Nxa6 7.Ngf3
Bg7 8.O-O Nh5 9.Be5 O-O 10.Bxg7 Kxg7 11.Qe2 Nc7 12.e4 cxd4 13.cxd4
d6 14.Rac1 Rc8 15.Rc3 Qd7 16.Rfc1 Nf4 17.Qe3 Qg4 18.g3 Ncd5
( 18...Nh3+ ) 19.exd5 Nxd5 20.Qd3 Nxc3 21.bxc3 Rc7 22.d5 Qa4
23.Qd4+ Qxd4 24.Nxd4 Rc5 25.c4 a6 26.Nc6 b5 27.Nxe7 bxc4 28.Rxc4
Rxc4 29.Nxc4 Re8 30.Nc6 Re1+ 31.Kg2 Rd1 32.Ne3 Ra1 33.Nc4 Rxa2
34.Nxd6 Rd2 35.Ne7 Kf8 36.Ndc8 a5 37.d6 a4 38.Nc6 a3 39.Nb4 Ke8 0-1

[Event "Clark Harmon Memorial"]
[Site "Seattle, WA"]
[Date "2014.05.04"]
[Round "5"]
[White "Pupols Viktors  (WA)"]
[Black "Zhang Brendan  (WA)"]
[Result "1-0"]
[WhiteElo "2200"]
[BlackElo "1765"]
[Annotator ""]
[Source ""]
[Remark "Open"]

1.d4 Nf6 2.c4 e6 3.Nc3 Bb4 4.Bd2 O-O 5.Nf3 d5 6.e3 Nc6 7.Bd3
a6 8.O-O dxc4 9.Bxc4 b5 10.Be2 Bb7 11.Qc2 Ne7 12.Rfd1 Ned5 13.Nxd5
Nxd5 14.Bxb4 Nxb4 15.Qd2 Qe7 16.a3 Nd5 17.Rac1 Rac8 18.Ne5 Nf6
19.Nc6 Qd6 20.Bf3 Nd5 21.Bxd5 exd5 22.Na5 Rb8 23.Qc3 Rfc8 24.b4
c6 25.Rc2 Rc7 26.Rdc1 Rbc8 27.Qd3 Qf6 28.Qe2 Ba8 29.Qg4 Qd6 30.Nb3
Bb7 31.Na5 Ba8 32.Rc3 Qf6 33.Qg3 Qe6 34.Qf4 h6 35.h3 Kh8 36.Kh2
Kg8 37.Nb3 Bb7 38.Nc5 Qg6 39.Qg4 Qd6+ 40.Qg3 Qf6 41.Nd3 Qe6 42.Kh1
Kh8 43.Ne5 Kg8 44.Qf3 Kh8 45.g4 Kg8 46.Qg3 f6 47.Nd3 Qe4+ 48.Kh2
Qe7 49.Nc5 Ba8 50.Nxa6 Ra7 51.Nc5 Kf7 52.Qf3 Qd6+ 53.Kg2 Rcc7
54.Qf5 Bb7 55.Nxb7 Raxb7 56.Qc2 Rb6 57.Rc5 Qe6 58.Qd3 Qd6 59.R5c3
Qe6 60.Re1 Re7 61.Qd1 Ra6 62.Qd3 Qe4+ 63.Qxe4 Rxe4 64.Rd1 Ke7
65.f3 Re6 66.h4 Kd7 67.h5 Ra8 68.Kf2 Rae8 69.Ra1 Ra8 70.Ke2 Kd6
71.Kd2 Kd7 72.Rac1 Rae8 73.Rd3 Kd6 74.Ke2 R8e7 75.Kf2 Re8 76.Rcc3
Rf8 77.Rd1 Rfe8 78.Ra1 Ra8 79.Kg3 Kd7 80.Kf4 Kd6 81.Rd3 Re7 82.Rb3
Rea7 83.Kf5 Re7 84.Rc3 Rae8 85.Kf4 Ra8 86.Rac1 Rc8 87.Rc5 Rec7
88.e4 dxe4 89.fxe4 Ra8 90.d5 Ra6 91.Rxc6+ Rcxc6 92.Rxc6+ Rxc6
93.dxc6 Kxc6 94.e5 Kd5 95.exf6 gxf6 96.Kf5 Kc4 97.Kxf6 Kb3 98.g5
hxg5 99.h6 Kxa3 100.h7 Kxb4 101.h8Q Ka3 102.Kxg5 b4 103.Qa1+
Kb3 104.Qb1+ Ka3 105.Kf4 b3 106.Ke3 Kb4 107.Kd4 Ka3 108.Kc3 Ka4
109.Qxb3+ Ka5 110.Qb7 Ka4 111.Qa6# 1-0